000 00797cam a2200229 4500
001 WB3707-14
008 000000n2001 000 0 eng u
035 _a(Sirsi) u110903
245 _aFragile habitats sacrificed
260 _c2001
490 _aGuardian
_v 13 February 2001, 7(1)
520 _aThe EU has attacked Britain's failure to protect endangered species which are under attack from developers' demands. Britain faces legal action for allowing damage to breeding and resting sites of otters, great crested newts and all species of bat.
590 _aWB
650 _aEUROPEAN UNION
650 _aCONSERVATION
650 _aDEVELOPMENT
650 _aLEGAL ACTION
650 _aWILDLIFE
650 _aHABITATS
690 _aENVIRONMENTAL AND LAND CONSULTANCY
942 _n0
999 _c66104
_d66104